| 000 | 00892 a2200205 4500 | ||
|---|---|---|---|
| 001 | 57790 | ||
| 005 | 20260407155838.0 | ||
| 008 | 260407a1985 arg spa d | ||
| 003 | AR-UNSa-BCEJYS | ||
| 040 |
_aAR-UNSa-BCEJYS _bspa _cAR-UNSa-BCEJYS |
||
| 080 |
_a674 _xMadera e industria de la madera |
||
| 245 | 1 | 0 | _aPrincipales mercados de las obras de carpinteria para edificios y construcciones |
| 264 | 1 |
_aGinegra : _bCCI (Centro de Comercio Internacional) _c1985 |
|
| 300 |
_a190 p. _c23 cm. |
||
| 505 | _a1. Descripción general del mercado y principales recomendaciones sobre comercialización – 2. Bélgica – Luxemburgo – 3. Francia – 4. República Federal de Alemania – 5. Países Bajos – 6. Reino Unido – 7. Estados Unidos de América | ||
| 041 | _aspa | ||
| 942 | _cBK | ||
| 590 | _aniveau_biblio:m niveau_hierar:0 | ||
| 100 | 1 | _aCentro de Comercio Internacional (CCI) | |
| 999 |
_c6299 _d6299 |
||